[Event "28th Czech Open A 2017"]
[Site "Pardubice CZE"]
[Date "2017.07.24"]
[Round "4.50"]
[White "Neuman, Petr"]
[Black "Nitish, Belurkar"]
[Result "1-0"]
[WhiteTitle "GM"]
[BlackTitle "FM"]
[WhiteElo "2442"]
[BlackElo "2283"]
[WhiteFideId "305243"]
[BlackFideId "5084768"]
[EventDate "2017.07.21"]

1. d4 d5 2. c4 c6 3. Nf3 Nf6 4. e3 a6 5. Bd3 b5 6. b3 Bg4 7. Nbd2 Nbd7 8. O-O e6
9. Bb2 Bd6 10. Qc2 Qb8 11. h3 Bxf3 12. Nxf3 O-O 13. Nd2 e5 14. cxd5 cxd5 15.
dxe5 Bxe5 16. Rac1 Rc8 17. Qb1 b4 18. Rxc8+ Qxc8 19. Rc1 Qb7 20. Bf5 Bxb2 21.
Qxb2 Rc8 22. Nf3 Rxc1+ 23. Qxc1 Nf8 24. Nd4 Qe7 25. Qc6 a5 26. Qb6 g6 27. Bd3
Ne6 28. Nxe6 fxe6 29. Qxa5 Kg7 30. Qb6 e5 31. g3 Kf7 32. Bf1 g5 33. Bd3 e4 34.
Be2 Kg7 35. Bg4 h5 36. Be6 g4 37. hxg4 hxg4 38. Qc6 Kg6 39. Bxd5 Qe5 40. Bc4
Qa1+ 41. Kg2 Qxa2 42. Qc5 Qd2 43. Qe7 Qc3 44. Be6 Kh6 45. Qf8+ Kg6 46. Qf7+ Kh6
47. Bf5 1-0

[Event "28th Czech Open A 2017"]
[Site "Pardubice CZE"]
[Date "2017.07.24"]
[Round "4.51"]
[White "Rahul, Srivatshav P"]
[Black "Drnovsek, Gal"]
[Result "1-0"]
[BlackTitle "IM"]
[WhiteElo "2295"]
[BlackElo "2440"]
[WhiteFideId "25059653"]
[BlackFideId "14607077"]
[EventDate "2017.07.21"]

1. d4 Nf6 2. c4 e6 3. Nc3 Bb4 4. e3 O-O 5. Ne2 c6 6. a3 Ba5 7. Ng3 d5 8. Bd3
Nbd7 9. O-O dxc4 10. Bxc4 e5 11. Ba2 exd4 12. exd4 Bc7 13. d5 cxd5 14. Nxd5 Nxd5
15. Qxd5 Nf6 16. Qxd8 Rxd8 17. Re1 h6 18. b4 Ng4 19. h3 Ne5 20. Be3 Bd7 21. Rad1
a5 22. Bd5 axb4 23. axb4 Bc6 24. Bxc6 bxc6 25. Bd4 Re8 26. Nf5 Nd3 27. Ne7+ Kf8
28. Rxd3 Bd8 29. Ng6+ fxg6 30. Bc5+ Be7 31. Rf3+ Kg8 32. Rxe7 1-0

[Event "28th Czech Open A 2017"]
[Site "Pardubice CZE"]
[Date "2017.07.24"]
[Round "4.52"]
[White "Biolek, Richard Jr."]
[Black "Granovskiy, Alexandr"]
[Result "1/2-1/2"]
[WhiteTitle "IM"]
[BlackTitle "IM"]
[WhiteElo "2437"]
[BlackElo "2282"]
[WhiteFideId "319996"]
[BlackFideId "13700243"]
[EventDate "2017.07.21"]

1. e4 e5 2. Nf3 Nc6 3. Bb5 Nge7 4. O-O g6 5. c3 Bg7 6. d4 exd4 7. cxd4 d5 8.
Bxc6+ bxc6 9. e5 O-O 10. h3 f6 11. exf6 Bxf6 12. Bh6 Re8 13. Nc3 Nf5 14. Bf4 Rb8
15. Qa4 Bd7 16. Ne5 Rxb2 17. Qxa7 Rc2 18. Rac1 Rxc1 19. Rxc1 Nd6 20. Rb1 Bxe5
21. dxe5 Nb5 22. Rxb5 cxb5 23. Nxd5 Rf8 24. Nf6+ Kh8 25. Bh6 Rxf6 26. exf6 Be6
27. Be3 Kg8 28. Bd4 Bf7 29. a3 c6 30. Bc5 h6 31. Be7 Qc8 32. Qd4 Bd5 33. Qf4 g5
34. Qg3 Qf5 35. Qb8+ Kh7 36. Qc7 Qe6 37. h4 gxh4 38. Qf4 h3 39. Qg3 Qg8 40. Qxh3
Qg5 41. Qd3+ Qg6 42. Qf1 Qg4 43. f4 Kg6 44. Qf2 Kf7 45. Bd8 Qd1+ 46. Kh2 Qh5+
47. Kg1 Qd1+ 48. Kh2 Qh5+ 49. Kg3 Qg6+ 50. Kh2 1/2-1/2

[Event "28th Czech Open A 2017"]
[Site "Pardubice CZE"]
[Date "2017.07.24"]
[Round "4.53"]
[White "Kazakovskiy, Valeriy"]
[Black "Karayev, Kanan"]
[Result "1/2-1/2"]
[WhiteTitle "IM"]
[BlackTitle "FM"]
[WhiteElo "2433"]
[BlackElo "2247"]
[WhiteFideId "13507443"]
[BlackFideId "13406671"]
[EventDate "2017.07.21"]

1. d4 Nf6 2. Nf3 e6 3. c4 d5 4. g3 Be7 5. Bg2 O-O 6. O-O dxc4 7. Ne5 Nc6 8. Bxc6
bxc6 9. Nxc6 Qe8 10. Nxe7+ Qxe7 11. Qa4 e5 12. dxe5 Qxe5 13. Nc3 Ne4 14. Qxc4
Nxc3 15. bxc3 Be6 16. Qd3 Rad8 17. Qe3 Qa5 18. Re1 Rfe8 19. Qf3 Bd5 20. e4 Qa4
21. c4 Bxc4 22. Bb2 Qc2 23. Rac1 Qxb2 24. Rxc4 Qxa2 25. Rxc7 Rc8 1/2-1/2

[Event "28th Czech Open A 2017"]
[Site "Pardubice CZE"]
[Date "2017.07.24"]
[Round "4.54"]
[White "Vykouk, Jan"]
[Black "Gurpreet, Singh Maras"]
[Result "1/2-1/2"]
[WhiteTitle "FM"]
[WhiteElo "2430"]
[BlackElo "2231"]
[WhiteFideId "349658"]
[BlackFideId "5014433"]
[EventDate "2017.07.21"]

1. e4 Nf6 2. e5 Nd5 3. Nf3 d6 4. Bc4 Nb6 5. Bb3 d5 6. d4 Bg4 7. h3 Bh5 8. O-O e6
9. a4 Be7 10. c3 c5 11. dxc5 N6d7 12. Re1 Nc6 13. Bf4 Nxc5 14. Bc2 d4 15. Nbd2
dxc3 16. bxc3 Bg6 17. Bxg6 hxg6 18. Nc4 Qxd1 19. Rexd1 O-O 20. Nd4 Nxd4 21. cxd4
Nxa4 22. Rdb1 Nb6 23. Nxb6 axb6 24. Rxa8 Rxa8 25. Rxb6 Ra4 26. Rxb7 Rxd4 27. Be3
Rd1+ 28. Kh2 Ba3 29. Rb8+ Kh7 30. Rb3 Ra1 31. Bd4 Rd1 32. Be3 Ra1 33. Rb7 Kg8
34. Kg3 Bc1 35. Bxc1 Rxc1 36. Rb8+ Kh7 37. Rf8 Rc7 38. Kg4 Ra7 39. f4 Rb7 40. h4
Ra7 41. g3 Rb7 42. Kg5 Ra7 43. Re8 Rb7 44. Rf8 Ra7 45. Kg4 Rb7 46. Kf3 Rb3+ 47.
Kf2 Rb2+ 48. Ke3 Rb3+ 49. Kf2 Rb2+ 50. Ke3 Rb3+ 51. Kf2 Rb2+ 1/2-1/2

[Event "28th Czech Open A 2017"]
[Site "Pardubice CZE"]
[Date "2017.07.24"]
[Round "4.55"]
[White "Goluch, Piotr"]
[Black "Cawdery, Daniel"]
[Result "0-1"]
[WhiteTitle "FM"]
[BlackTitle "IM"]
[WhiteElo "2288"]
[BlackElo "2426"]
[WhiteFideId "1137840"]
[BlackFideId "14300249"]
[EventDate "2017.07.21"]

1. d4 Nf6 2. c4 g6 3. Nf3 Bg7 4. g3 O-O 5. Bg2 d5 6. cxd5 Nxd5 7. O-O Nb6 8. Nc3
Nc6 9. e3 Re8 10. Re1 a5 11. Qe2 e5 12. dxe5 Nxe5 13. Nxe5 Bxe5 14. e4 Be6 15.
f4 Bxc3 16. bxc3 Bd5 17. Qf2 Bc6 18. Ba3 Qf6 19. Bc5 Nd7 20. Bd4 Qe7 21. g4 Nf6
22. Qh4 Nxe4 23. g5 f5 24. gxf6 Qf7 25. f5 Nd6 26. Bxc6 Rxe1+ 27. Rxe1 Nxf5 28.
Bxb7 Nxh4 29. Bxa8 Nf5 30. Rb1 Qxa2 31. Rb5 c5 32. Rb8+ Kf7 33. Rb7+ Ke6 34. f7
Nh4 35. f8=N+ Kf5 36. Rb5 Kf4 37. Bxc5 Nf3+ 38. Kf1 Qc4+ 39. Kf2 Qa2+ 40. Kf1
Nxh2+ 41. Ke1 Nf3+ 42. Kf1 Qc4+ 43. Kf2 Qxb5 44. Be3+ Kf5 45. Bxf3 Qb2+ 46. Be2
a4 47. Bd4 a3 48. Kf3 Qb7+ 49. Kf2 Qf7 50. Bc5 Ke4+ 0-1

[Event "28th Czech Open A 2017"]
[Site "Pardubice CZE"]
[Date "2017.07.24"]
[Round "4.56"]
[White "Bryzgalin, Kirill"]
[Black "Zimmermann, Luc"]
[Result "1-0"]
[WhiteTitle "GM"]
[WhiteElo "2424"]
[BlackElo "2145"]
[WhiteFideId "4133285"]
[BlackFideId "1007033"]
[EventDate "2017.07.21"]

1. c4 Nf6 2. g3 g6 3. Bg2 d5 4. cxd5 Nxd5 5. Nc3 Nb6 6. Nf3 Bg7 7. O-O Nc6 8. d3
O-O 9. a3 e5 10. Bg5 f6 11. Be3 Nd4 12. Bxd4 exd4 13. Nb5 c5 14. b4 a6 15. bxc5
axb5 16. cxb6 Qxb6 17. Qb3+ Kh8 18. Rab1 Re8 19. Rfe1 f5 20. Ng5 h6 21. Nf7+ Kh7
22. Qxb5 Qxb5 23. Rxb5 Rxa3 24. Nd6 Rd8 25. Nxb7 Bxb7 26. Rxb7 Rc8 27. Bd5 Ra5
28. Be6 Rca8 29. Rbb1 h5 30. Kg2 Kh6 31. Bc4 Rf8 32. h3 Raa8 33. Bd5 Ra5 34. Bf3
Rf7 35. Rb6 Rf6 36. Rb7 Rfa6 37. Rc1 Ra7 38. Rb8 R5a6 39. Re8 Rf6 40. Rcc8 Rd7
41. Rb8 Rfd6 42. Rec8 Re7 43. Rb5 Red7 44. Rc1 Bf6 45. g4 hxg4 46. hxg4 fxg4 47.
Bxg4 Re7 48. f4 Kg7 49. Bf3 Red7 50. Be4 Bd8 51. Kf3 Rf6 52. Rg1 Rdf7 53. f5 Kh6
54. Rb8 Be7 55. Rg8 Bf8 56. R8xg6+ Rxg6 57. Rxg6+ Kh5 58. Kg3 1-0

[Event "28th Czech Open A 2017"]
[Site "Pardubice CZE"]
[Date "2017.07.24"]
[Round "4.57"]
[White "Reuker, Jari"]
[Black "Kraus, Tomas"]
[Result "1-0"]
[BlackTitle "IM"]
[WhiteElo "2275"]
[BlackElo "2422"]
[WhiteFideId "12909300"]
[BlackFideId "331708"]
[EventDate "2017.07.21"]

1. e4 c5 2. Nf3 d6 3. d4 cxd4 4. Nxd4 Nf6 5. Nc3 Nc6 6. Bg5 Bd7 7. Qd2 Rc8 8. f4
Nxd4 9. Qxd4 Qa5 10. e5 dxe5 11. fxe5 e6 12. O-O-O Bc6 13. Bb5 Bxb5 14. exf6 Bc6
15. h4 Bc5 16. Qe5 g6 17. h5 Bb4 18. Qg3 Bxc3 19. bxc3 Qxa2 20. Qd6 Qa1+ 21. Kd2
Qxd1+ 22. Kxd1 Rd8 23. Qxd8+ Kxd8 24. hxg6 Be4 25. g7 Rg8 26. Rh4 Bg6 27. Rd4+
Kc8 28. Bf4 h5 29. Rc4+ 1-0

[Event "28th Czech Open A 2017"]
[Site "Pardubice CZE"]
[Date "2017.07.24"]
[Round "4.58"]
[White "Vokac, Marek"]
[Black "Volotovsky, Kirill"]
[Result "1-0"]
[WhiteTitle "GM"]
[WhiteElo "2412"]
[BlackElo "2136"]
[WhiteFideId "300101"]
[BlackFideId "14151634"]
[EventDate "2017.07.21"]

1. Nf3 Nf6 2. c4 e6 3. b3 b6 4. Bb2 Bb7 5. e3 c5 6. Be2 d5 7. cxd5 exd5 8. O-O
Bd6 9. d4 O-O 10. Nc3 Nbd7 11. Nb5 Bb8 12. Rc1 Re8 13. Rc2 Ne4 14. g3 h5 15. Nc3
Ndf6 16. dxc5 bxc5 17. Nxe4 Nxe4 18. Nh4 g6 19. Bf3 Bd6 20. Bg2 Rc8 21. Nf3 Qe7
22. Qa1 a5 23. Nd2 f5 24. Nf3 g5 25. h4 gxh4 26. Nxh4 Nxg3 27. Bf6 Qe6 28. fxg3
Qxe3+ 29. Kh1 Qxg3 30. Bf3 Qh3+ 31. Kg1 Kh7 32. Rg2 Rg8 33. Be5 Be7 34. Nxf5
Qxf5 35. Bg4 Qxg4 36. Rf7+ Kh6 37. Bg7+ Rxg7 38. Rxg7 Qxg2+ 39. Rxg2 Bg5 40.
Rxg5 Kxg5 41. Qg7+ Kh4 42. Kh2 1-0

[Event "28th Czech Open A 2017"]
[Site "Pardubice CZE"]
[Date "2017.07.24"]
[Round "4.59"]
[White "Audi, Ameya"]
[Black "Frolov, Artur"]
[Result "0-1"]
[BlackTitle "IM"]
[WhiteElo "2219"]
[BlackElo "2410"]
[WhiteFideId "25034430"]
[BlackFideId "14100134"]
[EventDate "2017.07.21"]

1. e4 e5 2. Nf3 Nc6 3. Bc4 Bc5 4. c3 Nf6 5. d3 d6 6. Bb3 a6 7. h3 Ba7 8. Qe2 Ne7
9. Nh4 Ng6 10. Bg5 Nxh4 11. Bxh4 h6 12. Nd2 Be6 13. Nf1 Qe7 14. Ne3 Bxe3 15.
Qxe3 g5 16. Bg3 Bxb3 17. axb3 Nh5 18. Qf3 Nf4 19. Bxf4 gxf4 20. g3 fxg3 21. fxg3
Qe6 22. b4 O-O-O 23. c4 Rdg8 24. O-O-O h5 25. Rdf1 Rg7 26. Qe3 Qh6 27. Qxh6 Rxh6
28. Rf3 Rhg6 29. Rg1 Kd7 30. Kd2 Ke6 31. Ke3 Rg5 32. h4 Rg4 33. Kf2 c6 34. Re1
R7g6 35. Ree3 f6 36. Rf5 Rh6 37. Ref3 d5 38. cxd5+ cxd5 39. exd5+ Kxd5 40. Rxf6
Rxf6 41. Rxf6 Rxb4 42. Ke3 Rxb2 43. Rh6 a5 44. Rxh5 a4 45. Rh8 b5 46. Ra8 Rh2
47. Ra5 Kc5 48. Ke4 Kb4 49. Ra8 a3 50. Kxe5 Kb3 51. d4 a2 52. d5 Rh1 53. d6
a1=Q+ 54. Rxa1 Rxa1 55. d7 Ra8 56. h5 b4 57. h6 Kc4 58. h7 b3 59. Kf6 b2 0-1

[Event "28th Czech Open A 2017"]
[Site "Pardubice CZE"]
[Date "2017.07.24"]
[Round "4.60"]
[White "Jeet, Jain"]
[Black "Murtazin, Bulat"]
[Result "1-0"]
[BlackTitle "FM"]
[WhiteElo "2191"]
[BlackElo "2397"]
[WhiteFideId "5073022"]
[BlackFideId "24151351"]
[EventDate "2017.07.21"]

1. e4 c5 2. Nf3 Nc6 3. Nc3 g6 4. d4 cxd4 5. Nxd4 Bg7 6. Nb3 Nf6 7. Be2 a6 8. O-O
O-O 9. Bg5 b5 10. a3 d6 11. Kh1 Be6 12. f4 Qb6 13. f5 Bxb3 14. cxb3 Qb7 15. b4
Rad8 16. Qe1 Rfe8 17. Rd1 Ne5 18. Qh4 Rc8 19. Rde1 Nc4 20. fxg6 hxg6 21. Rf3
Nxb2 22. Bh6 Na4 23. Nd5 Nxd5 24. Rh3 Rc3 25. Bf3 Ndb6 26. Bxg7 f6 27. e5 1-0

[Event "28th Czech Open A 2017"]
[Site "Pardubice CZE"]
[Date "2017.07.24"]
[Round "4.61"]
[White "Kukelko, Alexey"]
[Black "Konguvel, Ponnuswamy"]
[Result "1/2-1/2"]
[BlackTitle "IM"]
[WhiteElo "2173"]
[BlackElo "2388"]
[WhiteFideId "14153084"]
[BlackFideId "5000548"]
[EventDate "2017.07.21"]

1. e4 g6 2. d4 Bg7 3. Nc3 d6 4. f4 Nf6 5. Nf3 O-O 6. Bd3 Nc6 7. O-O e5 8. d5 Ne7
9. fxe5 dxe5 10. Bg5 c6 11. dxc6 bxc6 12. Kh1 h6 13. Bh4 Qc7 14. Qd2 Nh5 15. Bc4
Rb8 16. Rad1 Nf4 17. b3 g5 18. Bf2 Be6 19. Bxe6 Nxe6 20. Qd7 Rb7 21. Qxc7 Rxc7
22. Rd6 Ng6 23. Rfd1 Rb8 24. h4 Bf8 25. Rd7 Rbb7 26. Rxc7 Rxc7 27. hxg5 hxg5 28.
Ne2 f6 29. Ng3 Bc5 30. Kg1 Ngf4 31. Nh2 Kf7 32. Ng4 Bxf2+ 33. Kxf2 Ng7 34. Rd6
Ne8 35. Rd2 Ke6 36. Nf5 Rd7 37. Rxd7 1/2-1/2

[Event "28th Czech Open A 2017"]
[Site "Pardubice CZE"]
[Date "2017.07.24"]
[Round "4.62"]
[White "Tomazini, Aljosa"]
[Black "Van Zyl-Rudd, Jack"]
[Result "1/2-1/2"]
[WhiteTitle "FM"]
[BlackTitle "FM"]
[WhiteElo "2387"]
[BlackElo "2125"]
[WhiteFideId "14608154"]
[BlackFideId "14309017"]
[EventDate "2017.07.21"]

1. c4 e6 2. d4 d5 3. Nc3 Nf6 4. Nf3 c5 5. cxd5 Nxd5 6. e4 Nxc3 7. bxc3 cxd4 8.
cxd4 Bb4+ 9. Bd2 Bxd2+ 10. Qxd2 O-O 11. Bd3 Nc6 12. e5 h6 13. O-O b6 14. Qf4 Bb7
15. Qe4 g6 16. Qf4 Nb4 17. Be4 Bxe4 18. Qxe4 Qd5 19. Qf4 Kh7 20. a3 Nc6 21. h4
Ne7 22. Rac1 Qd7 23. Nh2 Nd5 24. Qe4 Qe7 25. a4 Rac8 26. Ng4 Kg7 27. Ne3 Nxe3
28. fxe3 Rxc1 29. Rxc1 Qa3 30. Rf1 Qxa4 31. h5 g5 32. Qf3 Qc2 33. Qf6+ Kh7 34.
d5 Qe4 35. dxe6 Qxe3+ 36. Kh1 Qe4 37. exf7 Qh4+ 38. Kg1 Qd4+ 39. Rf2 Qd1+ 40.
Rf1 Qd4+ 41. Qf2 Qxe5 42. Qc2+ Kh8 43. Qg6 Qg7 44. Qe6 Qd4+ 45. Rf2 Qd1+ 46. Rf1
Qd4+ 47. Rf2 1/2-1/2

[Event "28th Czech Open A 2017"]
[Site "Pardubice CZE"]
[Date "2017.07.24"]
[Round "4.63"]
[White "Baasansuren, Erdene"]
[Black "Sindarov, Javokhir"]
[Result "0-1"]
[WhiteTitle "FM"]
[BlackTitle "CM"]
[WhiteElo "2128"]
[BlackElo "2383"]
[WhiteFideId "4902084"]
[BlackFideId "14205483"]
[EventDate "2017.07.21"]

1. d4 d5 2. c4 dxc4 3. Nf3 c6 4. Qc2 b5 5. a4 Bb7 6. Nc3 a6 7. g3 Nf6 8. Bg2 e6
9. O-O Be7 10. e4 Nbd7 11. h4 h6 12. e5 Nd5 13. Ne4 c5 14. Rd1 cxd4 15. Nxd4
Nxe5 16. axb5 axb5 17. Rxa8 Qxa8 18. Nxb5 O-O 19. Ned6 Bc6 20. f4 Nb4 21. Qe2
Bxg2 22. Qxg2 Nf3+ 23. Kh1 Nd3 24. Bd2 Rd8 25. Nxc4 Nf2+ 26. Qxf2 Nxd2+ 27. Qg2
Qxg2+ 28. Kxg2 Nxc4 0-1

[Event "28th Czech Open A 2017"]
[Site "Pardubice CZE"]
[Date "2017.07.24"]
[Round "4.64"]
[White "Nasanjargal, Urtnasan"]
[Black "Jazdanovs, Aleksandrs"]
[Result "1-0"]
[WhiteTitle "FM"]
[WhiteElo "2381"]
[BlackElo "2066"]
[WhiteFideId "4900774"]
[BlackFideId "11604492"]
[EventDate "2017.07.21"]

1. Nf3 Nf6 2. b3 d6 3. d4 g6 4. Bb2 Bg7 5. g3 b6 6. Bg2 Bb7 7. O-O O-O 8. c4
Nbd7 9. Nc3 Ne4 10. Rc1 e6 11. Qc2 Nxc3 12. Bxc3 f5 13. e3 Qe7 14. Rfd1 Be4 15.
Qb2 a5 16. a3 g5 17. b4 axb4 18. axb4 b5 19. cxb5 Nb6 20. Ne1 Bxg2 21. Nxg2 Nd5
22. Be1 Rab8 23. Qe2 f4 24. e4 f3 25. Qd3 fxg2 26. exd5 exd5 27. Kxg2 Rf7 28.
Rc2 Qe4+ 29. Qxe4 dxe4 30. Ra2 Rxb5 31. Ra5 c6 32. d5 Rxa5 33. bxa5 c5 34. Rb1
c4 35. Rb8+ Rf8 36. Rxf8+ Kxf8 37. a6 Bd4 38. Bd2 Kf7 39. Bxg5 c3 40. Bc1 Kf6
41. f4 exf3+ 42. Kxf3 Ke5 43. Ke2 Kxd5 44. Kd3 Bg1 45. g4 c2 46. h4 Ba7 47. h5
Ke5 48. Kxc2 1-0

[Event "28th Czech Open A 2017"]
[Site "Pardubice CZE"]
[Date "2017.07.24"]
[Round "4.65"]
[White "Patil, Mitali Madhukar"]
[Black "Raja, Harshit"]
[Result "0-1"]
[WhiteTitle "WFM"]
[WhiteElo "1928"]
[BlackElo "2377"]
[WhiteFideId "5021391"]
[BlackFideId "5089000"]
[EventDate "2017.07.21"]

1. e4 c5 2. c3 Nf6 3. e5 Nd5 4. Na3 Nc6 5. Nf3 g6 6. Qb3 Nb6 7. d4 cxd4 8. cxd4
d5 9. exd6 Be6 10. Nc4 Bg7 11. Bg5 O-O 12. dxe7 Nxe7 13. Qb4 Nc6 14. Qxb6 axb6
15. Bxd8 Raxd8 16. Be2 Nxd4 17. Nxd4 Rxd4 18. Ne3 Rb4 19. O-O Rxb2 20. Bf3 Bxa2
21. Bxb7 Bd4 22. Rad1 Bc5 23. Rc1 Re8 24. Rfe1 Re7 25. Ba6 Kf8 26. Rc2 Rxe3 27.
fxe3 Rxc2 28. Bb5 Bd5 29. Bf1 Rc1 30. Re2 Bc4 0-1

[Event "28th Czech Open A 2017"]
[Site "Pardubice CZE"]
[Date "2017.07.24"]
[Round "4.66"]
[White "Deac, Bogdan-Daniel"]
[Black "Poulopoulos, Ioannis"]
[Result "1-0"]
[WhiteTitle "GM"]
[WhiteElo "2579"]
[BlackElo "2252"]
[WhiteFideId "1226380"]
[BlackFideId "4218078"]
[EventDate "2017.07.21"]

1. e4 c5 2. Nf3 d6 3. d4 cxd4 4. Nxd4 Nf6 5. Nc3 a6 6. h4 e5 7. Nb3 Be6 8. f4
exf4 9. Bxf4 Nc6 10. Qd2 Nh5 11. Bg5 Be7 12. Bd3 Ne5 13. Nd4 O-O 14. O-O-O Nxd3+
15. cxd3 Rc8 16. Bxe7 Qxe7 17. Kb1 Ng3 18. Rh2 Qf6 19. Nf3 Rfd8 20. h5 d5 21. e5
Qe7 22. Qf4 Nf5 23. g4 Nh6 24. Rg1 Qd7 25. Nd4 Kh8 26. g5 Nf5 27. Nce2 Rf8 28.
Rf1 g6 29. Ng3 Rc5 30. Rfh1 1-0

[Event "28th Czech Open A 2017"]
[Site "Pardubice CZE"]
[Date "2017.07.24"]
[Round "4.67"]
[White "Jurek, Josef"]
[Black "Teske, Henrik"]
[Result "0-1"]
[WhiteTitle "IM"]
[BlackTitle "GM"]
[WhiteElo "2263"]
[BlackElo "2486"]
[WhiteFideId "300993"]
[BlackFideId "4611500"]
[EventDate "2017.07.21"]

1. Nf3 d5 2. d4 Nf6 3. c3 Bf5 4. Bf4 Nbd7 5. e3 e6 6. Bd3 Bg6 7. Bxg6 hxg6 8.
Nbd2 Nh5 9. Qc2 c5 10. Bg5 Qc7 11. g4 Nhf6 12. Bf4 Bd6 13. Bxd6 Qxd6 14. g5 Ng8
15. h4 Ne7 16. Rg1 cxd4 17. cxd4 Rc8 18. Qa4 a6 19. Ke2 Nf5 20. Rac1 Ke7 21. e4
b5 22. Qa3 Qxa3 23. bxa3 dxe4 24. Nxe4 Nb6 25. Rxc8 Rxc8 26. Kd3 Rc4 27. Rb1 Nd5
28. Rb3 Nf4+ 29. Kd2 Nxd4 30. Nxd4 Rxd4+ 31. Ke3 e5 32. Nc5 Nd5+ 33. Kf3 Nc7 34.
Ne4 f5 35. gxf6+ gxf6 36. Rc3 Ne6 37. Ke3 f5 38. Ng5 Rxh4 0-1

[Event "28th Czech Open A 2017"]
[Site "Pardubice CZE"]
[Date "2017.07.24"]
[Round "4.68"]
[White "Bilguun, Sumiya"]
[Black "Kuznetsov, Mikhail V."]
[Result "1-0"]
[WhiteTitle "IM"]
[BlackTitle "FM"]
[WhiteElo "2460"]
[BlackElo "2245"]
[WhiteFideId "4901541"]
[BlackFideId "4194900"]
[EventDate "2017.07.21"]

1. e4 c5 2. Nf3 Nf6 3. e5 Nd5 4. Nc3 Nxc3 5. dxc3 Nc6 6. Bf4 Qb6 7. b3 Qc7 8.
Qd2 e6 9. O-O-O h6 10. h4 a6 11. c4 Na5 12. Qe3 b6 13. g4 Bb7 14. Rh3 O-O-O 15.
g5 Nc6 16. h5 d5 17. cxd5 exd5 18. g6 fxg6 19. hxg6 d4 20. Qe1 Nb4 21. Kb1 Be7
22. Bd2 Rhf8 23. Ng1 Nd5 24. Bc4 Nf4 25. Bxf4 Rxf4 26. Ne2 Rf3 27. Rxf3 Bxf3 28.
Bxa6+ Kb8 29. Bc4 Qxe5 30. Ng1 Qf6 31. Nxf3 Qxf3 32. Qxe7 Qxd1+ 33. Kb2 Rc8 34.
Bd5 1-0

[Event "28th Czech Open A 2017"]
[Site "Pardubice CZE"]
[Date "2017.07.24"]
[Round "4.69"]
[White "Shailesh, Dravid"]
[Black "Carlsson, Pontus"]
[Result "0-1"]
[BlackTitle "GM"]
[WhiteElo "2260"]
[BlackElo "2453"]
[WhiteFideId "25017969"]
[BlackFideId "1705814"]
[EventDate "2017.07.21"]

1. e4 c6 2. d4 d5 3. Nd2 dxe4 4. Nxe4 Bf5 5. Ng3 Bg6 6. h4 h6 7. Nf3 Nd7 8. h5
Bh7 9. Bd3 Bxd3 10. Qxd3 e6 11. Bd2 Ngf6 12. O-O-O Be7 13. Kb1 O-O 14. Ne4 Nxe4
15. Qxe4 Nf6 16. Qe2 Qd5 17. Be3 a5 18. Ne5 a4 19. f3 a3 20. c4 Qa5 21. b3 Rad8
22. g4 Nd7 23. Nd3 b5 24. c5 Nf6 25. Bd2 Qc7 26. g5 hxg5 27. h6 g6 28. h7+ Kh8
29. Ne5 Nd5 30. Qh2 Bf6 31. Rdg1 Bxe5 32. dxe5 f6 33. f4 Qf7 34. fxg5 f5 35. Qe2
Rd7 36. Rh6 Rb8 37. b4 Ne7 38. Bc1 Rd4 39. Bxa3 Nd5 40. Qf2 Rd3 41. Rg3 Nc3+ 42.
Kc2 Ne4 0-1

[Event "28th Czech Open A 2017"]
[Site "Pardubice CZE"]
[Date "2017.07.24"]
[Round "4.70"]
[White "Lugovskoy, Maxim"]
[Black "Haring, Viktor"]
[Result "0-1"]
[WhiteTitle "GM"]
[BlackTitle "FM"]
[WhiteElo "2453"]
[BlackElo "2241"]
[WhiteFideId "24126454"]
[BlackFideId "14919400"]
[EventDate "2017.07.21"]

1. e4 c5 2. Nf3 Nc6 3. c3 Nf6 4. e5 Nd5 5. d4 cxd4 6. cxd4 d6 7. Bc4 dxe5 8.
Bxd5 Qxd5 9. Nc3 Qd6 10. d5 Nd4 11. Nxd4 exd4 12. Qxd4 e5 13. Qd3 a6 14. O-O f5
15. b3 Kf7 16. a4 Qf6 17. f3 Bc5+ 18. Be3 Qd6 19. Kh1 Bxe3 20. Qxe3 Bd7 21. Rfe1
Rhe8 22. Rad1 Rac8 23. Ne2 Rc2 24. Rd2 Qb4 25. Red1 Rxd2 26. Rxd2 f4 27. Qd3 e4
28. fxe4 Qxe4 29. Qxe4 Rxe4 30. Kg1 Kf6 31. Kf2 Ke5 32. d6 g5 33. h3 h5 34. Nc3
Rd4 35. Re2+ Kf5 36. Re7 Rxd6 37. h4 Rd2+ 38. Ke1 Rd3 39. Ne2 Kf6 40. Rh7 Bg4
41. hxg5+ Kxg5 42. Rg7+ Kf6 43. Rg6+ Kf5 44. Re6 Re3 45. Rxe3 fxe3 46. Nc3 Ke5
47. a5 Kd4 48. Na4 h4 49. b4 Bf3 0-1

[Event "28th Czech Open A 2017"]
[Site "Pardubice CZE"]
[Date "2017.07.24"]
[Round "4.71"]
[White "Barrish, Daniel"]
[Black "Glek, Igor"]
[Result "1/2-1/2"]
[WhiteTitle "FM"]
[BlackTitle "GM"]
[WhiteElo "2249"]
[BlackElo "2430"]
[WhiteFideId "14304600"]
[BlackFideId "4100484"]
[EventDate "2017.07.21"]

1. d4 e6 2. c4 f5 3. Nf3 Nf6 4. Nc3 Bb4 5. Bd2 b6 6. g3 Bb7 7. Bg2 O-O 8. O-O a5
9. Rc1 Na6 10. Bg5 Bxc3 11. Rxc3 d6 12. d5 e5 13. e4 fxe4 14. Nd2 Nc5 15. Nxe4
Ncxe4 16. Bxe4 h6 17. Bxf6 Rxf6 18. Qh5 Qe8 19. Qxe8+ Rxe8 20. Rf3 Rxf3 21. Bxf3
Bc8 22. h4 Bf5 23. Re1 Kf7 24. Be4 g6 25. a4 Kf6 26. f3 g5 27. hxg5+ hxg5 28. g4
Bg6 29. Kg2 Kg7 30. b3 Rf8 31. Kg3 Bxe4 32. Rxe4 Rh8 33. Re1 Kf6 34. Kg2 Ke7 35.
Rd1 Rh6 36. Re1 Kd7 37. Rh1 Rxh1 38. Kxh1 c6 39. Kg2 Ke7 1/2-1/2

[Event "28th Czech Open A 2017"]
[Site "Pardubice CZE"]
[Date "2017.07.24"]
[Round "4.72"]
[White "Dowgird, Filip"]
[Black "Saiyn, Zhanat"]
[Result "1/2-1/2"]
[BlackTitle "IM"]
[WhiteElo "2242"]
[BlackElo "2390"]
[WhiteFideId "1121235"]
[BlackFideId "13703820"]
[EventDate "2017.07.21"]

1. e4 g6 2. g3 d5 3. exd5 Qxd5 4. Nf3 Bg4 5. Bg2 Qe6+ 6. Kf1 Bg7 7. Na3 c6 8. h3
Bxf3 9. Bxf3 Qd7 10. Kg2 Nf6 11. d4 O-O 12. Re1 Qd8 13. Nc4 Nbd7 14. a4 Nd5 15.
c3 e6 16. Ne5 N5f6 17. Nd3 a5 18. Qe2 Rc8 19. Bf4 Nd5 20. Bd6 Re8 21. h4 Bf8 22.
Bxf8 Rxf8 23. h5 Qg5 24. Rh1 Rce8 25. Rae1 Re7 26. Rh4 Rfe8 27. hxg6 fxg6 28.
Rg4 Qf6 29. c4 N5b6 30. b3 e5 31. Re4 Nf8 32. dxe5 Qg5 33. Qe3 Qxe3 34. R4xe3
Ne6 35. Bg4 Nd4 36. Nc5 Nc2 37. f4 Nxe1+ 38. Rxe1 h5 39. Bh3 Rd8 40. Kf3 Na8 41.
Re3 b6 42. Ne4 Nc7 43. Ng5 Rd4 44. Bc8 1/2-1/2